000 00880nam a22002055i 4500
001 178635
003 ES-MaACL
005 20230906220557.0
008 110609s1969 sp d |||| | spa d
080 _a616-089.5
100 1 _aRey Asua, Ángel del.
_9147050
245 1 0 _aTrastornos del equilibrio ácido-básico durante la anestesia general /
_cresumen de la tesis presentada para aspirar al grado de doctor en medicina por Ángel del Rey Asua.
260 _aBarcelona :
_bUniversidad de Barcelona, Secretariado de Publicaciones, Intercambio Científico y Extensión Universitaria :
_bIvern,
_c1969.
300 _a21, [3] p. con gráf. ;
_c24 cm.
500 _aCub. tomada como port.
504 _aBibliografía: p. 18-21.
650 0 4 _aAnestesia-
_xComplicaciones.
_9147051
710 2 _aUniversidad de Barcelona.
_97141
852 _aES-MaACL
_jE-15361 (41)
_xOlim P-1374
999 _c178635
_d178635